000 00697nam a2200217 a 4500
001 0939
005 20140414132145.0
008 041008s19uu xx 00 eng d
020 _a0-590-76170-6
050 _aKIT (SER) 599.37
_bC16 1998
100 _aCanizares, Susan
245 _aBusy beavers /
_cSusan Canizares, Pamela Chanko.
260 _aNew York:
_bScholastic Inc.,
_c1998.
300 _a1 v. (unp.) ; ill.
440 _aScience Emergent Readers
500 _a"Scholastic early childhood"--Includes index
520 _aPhotographs and simple text describe how beavers build lodges.
650 _aBeavers
_xHabitations
_xJuvenile literature
999 _c115422
_d115422